|
|
|
|
| LEADER |
00000ny a22000003n 4500 |
| 005 |
20110516111543.0 |
| 008 |
080709c20089999laumr pss 0 a0eng c |
| 022 |
0 |
|
|a 1943-1813
|
| 035 |
|
|
|a 5166
|
| 040 |
|
|
|a MnMULS
|d vLex
|
| 050 |
1 |
0 |
|a ISSN RECORD
|
| 090 |
|
|
|c 1936
|d 1936
|
| 245 |
3 |
0 |
|a International journal of organizational innovation
|h [Recurso electrn̤ico]
|
| 246 |
1 |
3 |
|a IJOI
|
| 256 |
|
|
|a Servicio en ln̕ea
|
| 260 |
|
|
|a Hammond, LA :
|b International Association of Organizational Innovation
|
| 310 |
|
|
|a Mensual
|
| 506 |
1 |
|
|a Contenido solo disponible en los productos indicados
|d vLex Global
|d vLex Global (Academic Edition, excluding Law Schools)
|d vLex Global (U.S. Academic Edition, excluding Law Schools)
|
| 710 |
2 |
|
|a International Association of Organizational Innovation
|
| 740 |
|
|
|a vLex Revista (Servicios en ln̕ea)
|
| 843 |
|
|
|a Electrn̤ica. Abierta
|
| 853 |
|
|
|8 1
|i (year)
|j (month)
|k (day)
|
| 856 |
4 |
0 |
|z Acceso restringido
|u http://vlex.com/account/login_ip?fuente_id=5166
|
| 942 |
|
|
|c REV
|
| 999 |
0 |
|
|a Business and economics
|
| 999 |
0 |
|
|a Management
|